00460 2200181 4500001002100000005001500021008004100036020001800077035001900095041000700114082000800121090001400129100002600143245004900169260002600218300001900244650001500263INLIS00000000001518120241224114902241224||||||||| | ||| |||| || |  a979-3168-49-8 0010-1224015181 aid0 a510 a510 VIT a0 aVitriyani Pryadarsina00aAku Suka Belajar MATEMATIKA:Untuk DS Kelas 1 aJakartabAlbamac2008 a134hlm;18x25cm 0aMatematika